Diseño y construcción de un prototipo de prueba para la separación de la fase líquida y sólida en suspensiones derivadas de plasma sanguíneo, generadas durante la producción de suero antiofídico en el Instituto Clodomiro Picado
Spremljeno u:
| Glavni autor: | |
|---|---|
| Daljnji autori: | |
| Format: | Knjiga |
| Jezik: | Spanish |
| Izdano: |
San José, Costa Rica
2013
|
| Teme: | |
| Oznake: |
Dodaj oznaku
Bez oznaka, Budi prvi tko označuje ovaj zapis!
|
MARC
| LEADER | 00000nam a22000007a 4500 | ||
|---|---|---|---|
| 003 | 011739 | ||
| 005 | 20231205143324.0 | ||
| 008 | 151001b2013 cr a|||| |||| 00| ||spa d | ||
| 040 | |c cru CEDI | ||
| 090 | |a TFG 6909 | ||
| 100 | |a Alvarado González, Andrés, 1987- |9 1958 | ||
| 245 | |a Diseño y construcción de un prototipo de prueba para la separación de la fase líquida y sólida en suspensiones derivadas de plasma sanguíneo, generadas durante la producción de suero antiofídico en el Instituto Clodomiro Picado | ||
| 260 | |a San José, Costa Rica |c 2013 | ||
| 500 | |a Proyecto de graduación (licenciatura en ingeniería química)--Universidad de Costa Rica. Facultad de Ingeniería. Escuela de Ingeniería Química | ||
| 650 | |x SEPARACION DE FASES - EQUIPO Y ACCESORIOS - DISEÑO Y CONSTRUCCION |x SEPARACION DE FASES - PRUEBAS |x SEPARACION DE FASES - CONTROL DE CALIDAD |x SUEROS ANTIOFIDICOS - PRODUCCION - COSTA RICA |x FILTRACION |x PROCESOS QUIMICOS |9 1235 | ||
| 700 | |a Rivera Monestel, Hellen Gabriela, 1986- |9 1957 | ||
| 942 | |c TFG |h TFG 6909 |i 011739 |6 TFG_6909_011739000000000 | ||
| 999 | |c 14036 |d 14036 | ||
